| 000 | 00747cam a2200229 a 4500 | ||
|---|---|---|---|
| 001 | 3468744 | ||
| 005 | 20180221072019.0 | ||
| 008 | 930107s1994 ilua b 001 0 eng | ||
| 010 | _a 93018016 | ||
| 020 | _a0256086427 (recycled paper) | ||
| 040 |
_aDLC _cDLC _dDLC |
||
| 041 | _aeng | ||
| 080 | _a658.1511 ANT | ||
| 082 | 0 | 0 |
_a658.1511 ANT _220 |
| 100 | 1 | _a54 | |
| 101 | _aMEN | ||
| 245 | 1 | 0 |
_aManagement control in nonprofit organizations / _cRobert N. Anthony, David W. Young. |
| 504 | _aIncludes bibliographical references and indexes. | ||
| 906 |
_a7 _bcbc _corignew _d1 _eocip _f19 _gy-gencatlg |
||
| 942 |
_2ddc _cBK |
||
| 999 |
_c43047 _d43047 |
||